Council of boards of school education in India (Record no. 1383316)

MARC details
000 -LEADER
fixed length control field 00621nam a2200205Ia 4500
003 - CONTROL NUMBER IDENTIFIER
control field OSt
005 - DATE AND TIME OF LATEST TRANSACTION
control field 20260330124801.0
008 - FIXED-LENGTH DATA ELEMENTS--GENERAL INFORMATION
fixed length control field 260330b |||||||| |||| 00| 0 eng d
037 ## - SOURCE OF ACQUISITION
Stock number Book to be hide in OPAC
040 ## - CATALOGING SOURCE
Original cataloging agency FEDL
Language of cataloging eng
Transcribing agency FEDL
041 ## - LANGUAGE CODE
Language code of text/sound track or separate title eng
Source of code eng
082 ## - DEWEY DECIMAL CLASSIFICATION NUMBER
Classification number 370.954, COB/O
084 ## - COLON CLASSIFICATION NUMBER
Assigning agency FEDL
245 #0 - TITLE STATEMENT
Title Council of boards of school education in India
300 ## - PHYSICAL DESCRIPTION
Extent 144p.
546 ## - LANGUAGE NOTE
Language note Issued at the Nineteenth annual conference of Cobse Nainital : 17-19 September, 1990
650 ## - SUBJECT ADDED ENTRY--TOPICAL TERM
Topical term or geographic name entry element Education
942 ## - ADDED ENTRY ELEMENTS (KOHA)
Koha item type Books to be hide in OPAC
Classification part 370.954, COB/O
Source of classification or shelving scheme Dewey Decimal Classification
Holdings
Withdrawn status Lost status Damaged status Not for loan Home library Current library Date acquired Total Checkouts Full call number Barcode Date last seen Price effective from Koha item type
        Department of Education Library Department of Education Library 2025-05-08   370.954, COB EL0076688 2025-05-08 2025-05-08 Textual
Copyright @ Delhi University Library System